000 00327 a2200145 4500
001 49005
040 _cAnchieta - Bela Vista
100 _aDansa, Lecticia
240 1 0 _aA fábula da convivência
_lpor
245 1 0 _aA fábula da convivência
300 _a31
362 0 _a2002
650 4 _aLiteratura infantil
942 _cBK
999 _c49005
_d49005